[Event "9th EUROPEAN  INDIVIDUAL  WOME"]
[Site "Plovdiv, Bulgaria"]
[Date "2008.04.29"]
[Round "8"]
[Board "1"]
[White "Gromova, Iulia"]
[Black "Foisor, Mihaela Veronica"]
[Result "1-0"]
[WhiteElo "2232"]
[BlackElo "2088"]
[PlyCount "65"]
[EventDate "2008.04.21"]
[EventRounds "11"]
[EventCountry "BUL"]

1.d4 d5 2.c4 dxc4 3.Nf3 Nf6 4.e3 e6 5.Bxc4 c5 6.Qe2 a6 7.O-O b5 8.Bb3 Bb7 9.Rd1
Nbd7 10.Nbd2 Be7 11.e4 cxd4 12.e5 Nd5 13.Ne4 Nc5 14.Nxc5 Bxc5 15.Nxd4 O-O 16.a4
Qb6 17.a5 Qc7 18.h4 Rfd8 19.Bg5 Nf4 20.Bxf4 Bxd4 21.Rac1 Qxa5 22.Bg5 Rd7 23.Rd3
h6 24.Bf6 g6 25.Rcd1 Qb6 26.Kh1 Kh7 27.Qd2 Qc6 28.f3 Rc8 29.Rxd4 Rxd4 30.Qxd4 a5
31.Qd7 Kg8 32.Qxc6 Bxc6 33.Rd8+

[Event "9th EUROPEAN  INDIVIDUAL  WOME"]
[Site "Plovdiv, Bulgaria"]
[Date "2008.04.29"]
[Round "8"]
[Board "1"]
[White "Mijovic, Aleksandra"]
[Black "Ikonomopoulou, Maria"]
[Result "0-1"]
[WhiteElo "2222"]
[BlackElo "2050"]
[PlyCount "100"]
[EventDate "2008.04.21"]
[EventRounds "11"]
[EventCountry "BUL"]

1.e4 c5 2.Nf3 d6 3.d4 cxd4 4.Nxd4 Nf6 5.Nc3 g6 6.Be3 Bg7 7.f3 O-O 8.Bc4 Nc6
9.Qd2 Bd7 10.O-O-O Rb8 11.h4 b5 12.Bb3 a5 13.a4 Nxd4 14.Bxd4 bxa4 15.Ba2 Qc7
16.Nb1 Qb7 17.c4 Rfc8 18.Na3 Be6 19.g4 Qa6 20.h5 Qb7 21.hxg6 hxg6 22.Rh2 Qb4
23.Bc3 Qc5 24.Rdh1 Rb7 25.g5 Nh5 26.Bxg7 Kxg7 27.f4 Bg4 28.f5 Qe5 29.Rf2 Rcb8
30.f6+ exf6 31.gxf6+ Kh7 32.Bb1 Rxb2 33.Qxb2 Rxb2 34.Rxb2 Qc3+ 35.Nc2 Qxc4
36.Ba2 Qxe4 37.Re1 Qf4+ 38.Kb1 Qxf6 39.Rb7 Kh6 40.Rxf7 Qc3 41.Re3 Qc5 42.Kb2 Bf5
43.Rc3 Qb5+ 44.Kc1 Nf4 45.Bc4 Qc5 46.Kb2 d5 47.Bf1 Qb6+ 48.Kc1 Qf2 49.Bb5 d4
50.Ra3 Qxc2#

[Event "9th EUROPEAN  INDIVIDUAL  WOME"]
[Site "Plovdiv, Bulgaria"]
[Date "2008.04.29"]
[Round "8"]
[Board "1"]
[White "Pavlidou, Ekaterini"]
[Black "Sarakauskiene, Zivile"]
[Result "1-0"]
[WhiteElo "1978"]
[BlackElo "2198"]
[PlyCount "77"]
[EventDate "2008.04.21"]
[EventRounds "11"]
[EventCountry "BUL"]

1.d4 Nf6 2.c4 e6 3.Nc3 d5 4.Bg5 Be7 5.Nf3 O-O 6.e3 Nbd7 7.Rc1 Re8 8.Bd3 dxc4
9.Bxc4 a6 10.a4 c5 11.O-O cxd4 12.exd4 Nb6 13.Ba2 Nbd5 14.Ne5 h6 15.Bh4 Nb4
16.Bb1 Nfd5 17.Qh5 Rf8 18.Bxe7 Qxe7 19.Ne4 b6 20.f4 Ne3 {Diagram #} 21.Ng5 Nxf1
22.Bh7+ Kh8 {Diagram #} 23.Qg6 Ne3 24.Ngxf7+ Rxf7 25.Nxf7+ Qxf7 26.Qxf7 Kxh7
27.Rc7 Nf5 28.g4 Nd5 29.gxf5 Nxc7 30.Qxc7 exf5 31.d5 b5 32.a5 Kh8 33.Kf2 Kh7
34.Kg3 h5 35.Kh4 Kh8 36.Kxh5 Kh7 37.Kg5 Bd7 38.Qxd7 Rf8 39.Qxf5+

[Event "9th EUROPEAN  INDIVIDUAL  WOME"]
[Site "Plovdiv, Bulgaria"]
[Date "2008.04.29"]
[Round "8"]
[Board "1"]
[White "Bayrak, Asli"]
[Black "Stiri, Alexandra"]
[Result "1-0"]
[WhiteElo "2031"]
[BlackElo "2193"]
[PlyCount "95"]
[EventDate "2008.04.21"]
[EventRounds "11"]
[EventCountry "BUL"]

1.e4 c5 2.Nf3 e6 3.d4 cxd4 4.Nxd4 Nf6 5.Bd3 Nc6 6.Nxc6 bxc6 7.c4 d5 8.exd5 cxd5
9.O-O Bd6 10.Qe2 O-O 11.Nc3 dxc4 12.Bxc4 Qc7 13.h3 Bb7 14.Ba6 Bc6 15.Be3 Nd5
16.Nxd5 Bxd5 17.Rfc1 Qa5 18.a3 Be4 19.Bd3 Qe5 20.f4 Qf5 21.Bxe4 Qxe4 22.Rc4 Qf5
23.Rd1 Be7 24.Rd7 Bf6 25.b4 a5 26.Rc5 Qb1+ 27.Rd1 Qb3 28.Rxa5 Rxa5 29.bxa5 Qxa3
30.a6 Qa4 31.a7 e5 32.fxe5 Bxe5 33.Qd3 g6 34.Rb1 Qa5 35.Qc4 Bg3 36.Qb4 Qxb4
37.Rxb4 Rd8 38.Bd4 Kf8 39.Kf1 Bd6 40.Rb7 Bg3 41.Bc5+ Kg7 42.Ke2 Be5 43.Ke3 Ra8
44.Ke4 Bg3 45.Kd5 g5 46.Kc6 Rc8+ 47.Kb6 h5 48.Rd7

[Event "9th EUROPEAN  INDIVIDUAL  WOME"]
[Site "Plovdiv, Bulgaria"]
[Date "2008.04.29"]
[Round "8"]
[Board "1"]
[White "Galunova, Tsveta"]
[Black "Khropova, Larisa"]
[Result "1-0"]
[WhiteElo "1816"]
[BlackElo "2069"]
[PlyCount "97"]
[EventDate "2008.04.21"]
[EventRounds "11"]
[EventCountry "BUL"]

1.e4 c5 2.c3 d6 3.d4 cxd4 4.cxd4 Nf6 5.Nc3 Nbd7 6.Nf3 Qc7 7.Nb5 Qc6 8.d5 Qc5
9.Be3 Qb4+ 10.Qd2 Qxd2+ 11.Bxd2 Rb8 12.Ng5 Nc5 13.Rc1 a6 14.Nc7+ Kd7 15.Nxf7 Rg8
16.b4 Ncxe4 17.Be3 Nxd5 18.Nxd5 Ke6 19.Nc7+ Kxf7 20.Ba7 Be6 21.Bxb8 Bxa2 22.Rc2
Bb3 23.Rb2 Be6 24.Nxe6 Kxe6 25.Bc4+ d5 26.Bb3 Nf6 27.Rc2 Kf5 28.Rc7 b5 29.Bc2+
Kg5 30.h4+ Kh6 31.Rc8 e5 32.Ke2 Nd7 33.g4 g6 34.g5+ Kh5 35.Bd6 Rh8 36.Ke3 Kg4
37.f3+ Kg3 38.Bxf8 Rxf8 39.Rxf8 Nxf8 40.h5 Kg2 41.hxg6 hxg6 42.Ra1 Ne6 43.Rxa6
d4+ 44.Kd2 Nf4 45.Be4 Kg3 46.Rb6 Kh4 47.Rxb5 Kxg5 48.Rxe5+ Kf6 49.Rc5

[Event "9th EUROPEAN  INDIVIDUAL  WOME"]
[Site "Plovdiv, Bulgaria"]
[Date "2008.04.29"]
[Round "8"]
[Board "1"]
[White "Tsarouha, Marianthi"]
[Black "Bakalarz, Grazyna"]
[Result "0-1"]
[WhiteElo "1747"]
[BlackElo "2006"]
[PlyCount "98"]
[EventDate "2008.04.21"]
[EventRounds "11"]
[EventCountry "BUL"]

1.d4 Nf6 2.c4 g6 3.g3 Bg7 4.Bg2 d5 5.cxd5 Nxd5 6.Nc3 Nxc3 7.bxc3 c5 8.e3 Nc6
9.Ne2 Bd7 10.O-O Rc8 11.Ba3 Qa5 12.Bxc5 b6 13.Bb4 Nxb4 14.cxb4 Qxb4 15.Qb3 Qxb3
16.axb3 Bb5 17.Rfe1 a5 18.Bh3 e6 19.Nf4 Ke7 20.Rec1 Rxc1+ 21.Rxc1 Kd6 22.Bf1 Bd7
23.Ne2 Rc8 24.Rxc8 Bxc8 25.Nc3 Bb7 26.Na4 Kc7 27.Bd3 e5 28.dxe5 Bxe5 29.Bc4 f6
30.f4 Ba1 31.h4 h6 32.Kf2 g5 33.Bd3 Bd5 34.Bc2 Kc6 35.e4 Bf7 36.hxg5 hxg5 37.e5
gxf4 38.exf6 b5 39.Be4+ Kc7 40.Bc2 fxg3+ 41.Kxg3 bxa4 42.bxa4 Bxf6 43.Kf4 Kc6
44.Ke3 Kc5 45.Kd2 Kb4 46.Kc1 Be8 47.Kb1 Bxa4 48.Ka2 Bg5 49.Be4 Bb3+

[Event "9th EUROPEAN  INDIVIDUAL  WOME"]
[Site "Plovdiv, Bulgaria"]
[Date "2008.04.29"]
[Round "8"]
[Board "1"]
[White "Mihajlova, Diana"]
[Black "Boyarchenko, Marie"]
[Result "0-1"]
[WhiteElo "1623"]
[BlackElo "1877"]
[PlyCount "64"]
[EventDate "2008.04.21"]
[EventRounds "11"]
[EventCountry "BUL"]

1.e4 c5 2.d4 cxd4 3.Nf3 e6 4.Nxd4 a6 5.Bd3 Qc7 6.Nc3 Nf6 7.Nf3 d6 8.O-O Be7
9.Bg5 Nbd7 10.Ne2 O-O 11.Rc1 b6 12.Nh4 Bb7 13.Ng3 h6 14.Be3 Nc5 15.Nh5 Ncxe4
16.Bxe4 Bxe4 17.Nxf6+ Bxf6 18.Qg4 d5 19.Bxh6 Bxb2 20.Rb1 Be5 21.Be3 b5 22.f4 Bd6
23.Kh1 f5 24.Qh5 Rf6 25.Ng6 Qxc2 26.Bf2 Rc8 27.Rbc1 Qxc1 28.Rxc1 Rxc1+ 29.Bg1
Rc2 30.Qh8+ Kf7 31.Nh4 Rh6 32.Qd8 Be7

[Event "9th EUROPEAN  INDIVIDUAL  WOME"]
[Site "Plovdiv, Bulgaria"]
[Date "2008.04.30"]
[Round "9"]
[Board "1"]
[White "Cramling, Pia"]
[Black "Lahno, Kateryna"]
[Result "1/2-1/2"]
[WhiteElo "2539"]
[BlackElo "2479"]
[PlyCount "44"]
[EventDate "2008.04.21"]
[EventRounds "11"]
[EventCountry "BUL"]

1.d4 Nf6 2.c4 g6 3.Nc3 d5 4.Bf4 Bg7 5.e3 c5 6.dxc5 Qa5 7.Rc1 dxc4 8.Bxc4 O-O
9.Nge2 Qxc5 10.Qb3 Nc6 11.Nb5 Qh5 12.Ng3 Qh4 13.Nc7 e5 14.Bxe5 Nxe5 15.Nxa8 Bd7
16.Nc7 Bc6 17.Bf1 Rd8 18.Rxc6 bxc6 19.Be2 Nfg4 20.Na6 Bf8 21.Qc3 Bg7 22.Qb3 Bf8

[Event "9th EUROPEAN  INDIVIDUAL  WOME"]
[Site "Plovdiv, Bulgaria"]
[Date "2008.04.30"]
[Round "9"]
[Board "1"]
[White "Muzychuk, Anna"]
[Black "Ushenina, Anna"]
[Result "1/2-1/2"]
[WhiteElo "2486"]
[BlackElo "2474"]
[PlyCount "33"]
[EventDate "2008.04.21"]
[EventRounds "11"]
[EventCountry "BUL"]

1.e4 c5 2.Nf3 Nc6 3.Nc3 Nf6 4.Bb5 g6 5.e5 Ng4 6.Bxc6 dxc6 7.d3 Bg7 8.Bf4 Nh6
9.Qd2 Nf5 10.Ne4 Nd4 11.Nxd4 Qxd4 12.Qc3 b6 13.O-O-O Be6 14.Rhe1 h6 15.a3 a5
16.Qxd4 cxd4 17.a4

[Event "9th EUROPEAN  INDIVIDUAL  WOME"]
[Site "Plovdiv, Bulgaria"]
[Date "2008.04.30"]
[Round "9"]
[Board "1"]
[White "Dembo, Yelena"]
[Black "Zhukova, Natalia"]
[Result "0-1"]
[WhiteElo "2429"]
[BlackElo "2450"]
[PlyCount "112"]
[EventDate "2008.04.21"]
[EventRounds "11"]
[EventCountry "BUL"]

1.e4 e5 2.Nf3 Nc6 3.d4 exd4 4.Nxd4 Nf6 5.Nxc6 bxc6 6.e5 Qe7 7.Qe2 Nd5 8.c4 Ba6
9.b3 g6 10.Bb2 Bg7 11.Nd2 O-O 12.O-O-O Rae8 13.Qe4 Nb6 14.f4 d5 15.Qc2 f6
16.cxd5 Bxf1 17.Rhxf1 cxd5 18.Nf3 c5 19.Rfe1 fxe5 20.Bxe5 c4 21.Kb1 cxb3 22.axb3
Bxe5 23.fxe5 a5 24.Qc6 Rb8 25.Qd6 Qxd6 26.exd6 Rf6 27.Re7 Rxd6 28.Ng5 a4 29.Ne4
Rc6 30.Rf1 Rf8 31.Nd2 Rxf1+ 32.Nxf1 axb3 33.Rb7 Nc4 34.Rxb3 Rf6 35.Rf3 Rxf3
36.gxf3 Kf7 37.Kc2 Ke6 38.Ng3 Ne5 39.f4 Nf3 40.h3 Ng1 41.Kd3 Nxh3 42.Ke3 g5
43.fxg5 Ke5 44.Ne2 Nxg5 45.Nd4 Ne6 46.Nc6+ Kd6 47.Nb4 Kc5 48.Nd3+ Kc4 49.Nb2+
Kb3 50.Nd1 Kc2 51.Nf2 h5 52.Nd3 d4+ 53.Ke4 h4 54.Nf2 Kd2 55.Kf3 Ng5+ 56.Kf4 Ke2

[Event "9th EUROPEAN  INDIVIDUAL  WOME"]
[Site "Plovdiv, Bulgaria"]
[Date "2008.04.30"]
[Round "9"]
[Board "1"]
[White "Melia, Salome"]
[Black "Danielian, Elina"]
[Result "1/2-1/2"]
[WhiteElo "2413"]
[BlackElo "2479"]
[PlyCount "64"]
[EventDate "2008.04.21"]
[EventRounds "11"]
[EventCountry "BUL"]

1.e4 e6 2.d4 d5 3.Nc3 Nf6 4.e5 Nfd7 5.f4 c5 6.Nf3 Nc6 7.Be3 a6 8.Qd2 b5 9.dxc5
Bxc5 10.Ne2 O-O 11.Bxc5 Nxc5 12.Ned4 Nxd4 13.Qxd4 Qb6 14.Bd3 Bd7 15.O-O b4
16.Kh1 Rab8 17.Rfe1 Rfc8 18.Rad1 h6 19.Qe3 Na4 20.Qxb6 Rxb6 21.Rb1 Bb5 22.Nd4
Bc4 23.Kg1 g6 24.Kf1 Bxa2 25.Ra1 b3 26.cxb3 Nxb2 27.Bc2 Rxc2 28.Rxa2 Rd2 29.Nf3
Rc2 30.Nd4 Rd2 31.Nf3 Rc2 32.Nd4 Rd2

[Event "9th EUROPEAN  INDIVIDUAL  WOME"]
[Site "Plovdiv, Bulgaria"]
[Date "2008.04.30"]
[Round "9"]
[Board "1"]
[White "Zawadzka, Jolanta"]
[Black "Pogonina, Natalija"]
[Result "0-1"]
[WhiteElo "2397"]
[BlackElo "2470"]
[PlyCount "194"]
[EventDate "2008.04.21"]
[EventRounds "11"]
[EventCountry "BUL"]

1.e4 c5 2.Nf3 d6 3.d4 cxd4 4.Nxd4 Nf6 5.f3 g6 6.c4 Bg7 7.Nc3 O-O 8.Be3 Nc6 9.Be2
Nd7 10.Rc1 Nc5 11.O-O Bd7 12.Kh1 Nxd4 13.Bxd4 a5 14.b3 Bc6 15.Be3 Qb6 16.Qd2 a4
17.Rb1 axb3 18.axb3 Nxb3 19.Qd3 Nc5 20.Rxb6 Nxd3 21.Nd5 Bxd5 22.cxd5 Nc5 23.Bxc5
dxc5 24.Rxb7 Ra2 25.Bc4 Rc2 26.Bd3 Rd2 27.Bc4 Rd4 28.Be2 Bf6 29.Rc1 Rc8 30.g3 c4
31.Rb4 c3 32.Rxd4 Bxd4 33.Bd3 Ra8 34.Kg2 g5 35.h4 gxh4 36.gxh4 Ra2+ 37.Rc2 Ra1
38.f4 f6 39.Kf3 h5 40.Be2 Kg7 41.e5 fxe5 42.Ke4 Kf6 43.Bxh5 Ra4 44.Be8 Rb4
45.fxe5+ Bxe5+ 46.Ke3 Rxh4 47.Rf2+ Kg5 48.Rg2+ Kh6 49.Bd7 Rh1 50.Bf5 Re1+ 51.Kf3
Bd4 52.Re2 Rf1+ 53.Ke4 Bf6 54.Rg2 Bg5 55.Ke5 Re1+ 56.Kd4 Bf6+ 57.Kc4 Kh5 58.Kb3
Re5 59.Be6 Re4 60.Kc2 Rb4 61.Kd3 Kh4 62.Ke3 Rd4 63.Rc2 Rd1 64.Kf3 Be5 65.Rg2
Rf1+ 66.Ke4 Re1+ 67.Kd3 Bf6 68.Rg4+ Kh5 69.Rg2 Rb1 70.Ke3 Rb4 71.Kd3 Kh4 72.Ke3
Rd4 73.Rc2 Rd1 74.Kf3 Rg1 75.Kf2 Rg3 76.Rc1 Bd4+ 77.Ke2 Kg5 78.Kd1 Kf4 79.Kc2
Rg2+ 80.Kd3 Rd2+ 81.Kc4 Bf6 82.Kb3 Rb2+ 83.Kc4 Ke3 84.Bf5 Rf2 85.Bg6 Rd2 86.Rc2
Rd4+ 87.Kc5 Rg4 88.Bh7 Rg7 89.Bf5 Rg5 90.Bd7 Kd3 91.Ba4 e6 92.Rh2 Rxd5+ 93.Kb4
Rd4+ 94.Kb3 Rxa4 95.Rh3+ Kd4 96.Kxa4 c2 97.Rh1 Bg5

[Event "9th EUROPEAN  INDIVIDUAL  WOME"]
[Site "Plovdiv, Bulgaria"]
[Date "2008.04.30"]
[Round "9"]
[Board "1"]
[White "Cmilyte, Viktorija"]
[Black "Moser, Eva"]
[Result "1-0"]
[WhiteElo "2466"]
[BlackElo "2395"]
[PlyCount "81"]
[EventDate "2008.04.21"]
[EventRounds "11"]
[EventCountry "BUL"]

1.d4 d5 2.c4 c6 3.Nc3 dxc4 4.e4 b5 5.a4 b4 6.Na2 Nf6 7.e5 Nd5 8.Bxc4 e6 9.Nf3
Be7 10.O-O a5 11.Be3 O-O 12.Nc1 Ba6 13.Qc2 c5 14.Nb3 Bxc4 15.Qxc4 Nd7 16.dxc5
Nxe3 17.fxe3 Nxc5 18.Nxc5 Rc8 19.Nxe6 Rxc4 20.Nxd8 Bxd8 21.Rfc1 Re4 22.Rc6 Rxe3
23.Rd1 h6 24.Rd7 Rb3 25.h4 Rxb2 26.Rcd6 Bxh4 27.Nxh4 Ra2 28.Rb7 Re8 29.Nf3 Rxa4
30.Rdd7 b3 31.Rxb3 g5 32.Re3 Rf4 33.Nd4 h5 34.g3 Rg4 35.Nf5 Re6 36.Rc3 Rb4
37.Rc8+ Kh7 38.Rxf7+ Kg6 39.Rcf8 h4 40.gxh4 Rg4+ 41.Kh2

[Event "9th EUROPEAN  INDIVIDUAL  WOME"]
[Site "Plovdiv, Bulgaria"]
[Date "2008.04.30"]
[Round "9"]
[Board "1"]
[White "Houska, Jovanka"]
[Black "Javakhishvili, Lela"]
[Result "1-0"]
[WhiteElo "2390"]
[BlackElo "2466"]
[PlyCount "85"]
[EventDate "2008.04.21"]
[EventRounds "11"]
[EventCountry "BUL"]

1.d4 Nf6 2.Nf3 e6 3.c4 Bb4+ 4.Bd2 c5 5.Bxb4 cxb4 6.g3 O-O 7.Bg2 d6 8.O-O a5
9.Qd3 Qe7 10.Nbd2 e5 11.Ne1 Re8 12.e4 exd4 13.Nc2 Nc6 14.Nxd4 Qe5 15.Nb5 Rd8
16.Rab1 Qc5 17.Nb3 Qb6 18.N3d4 Ne5 19.Qe2 Bg4 20.f3 Bd7 21.Kh1 Ne8 22.Rbd1 Nc7
23.Nxc7 Qxc7 24.b3 a4 25.h3 Bc6 26.Qb2 Ra5 27.Rd2 b5 28.cxb5 Bxb5 29.Rc1 Qb8
30.bxa4 Bxa4 31.f4 Nd7 32.Rc4 Nc5 33.Rxb4 Qc7 34.Nf5 f6 35.e5 Bc6 36.exf6 Bxg2+
37.Kxg2 Ne6 38.Ne7+ Kf7 39.Rb7 Rxa2 40.Rxc7 Rxb2 41.Nc6+ Kxf6 42.Rxb2 Ra8 43.Rd7

[Event "9th EUROPEAN  INDIVIDUAL  WOME"]
[Site "Plovdiv, Bulgaria"]
[Date "2008.04.30"]
[Round "9"]
[Board "1"]
[White "Dzagnidze, Nana"]
[Black "Voiska, Margarita"]
[Result "1/2-1/2"]
[WhiteElo "2443"]
[BlackElo "2339"]
[PlyCount "71"]
[EventDate "2008.04.21"]
[EventRounds "11"]
[EventCountry "BUL"]

1.Nf3 d5 2.c4 c6 3.d4 Nf6 4.Nc3 Bf5 5.cxd5 Nxd5 6.Nd2 e5 7.dxe5 Nxc3 8.bxc3 Bc5
9.e3 Qe7 10.Nf3 Nd7 11.Nd4 Qxe5 12.Nxf5 Qxf5 13.Bd3 Qf6 14.O-O Rd8 15.Qc2 Bd6
16.f4 Qe7 17.Qe2 Nc5 18.Bc2 Ne4 19.Qc4 Nf6 20.e4 Bc5+ 21.Kh1 Ng4 22.g3 h5 23.Qe2
f5 24.Kg2 h4 25.h3 hxg3 26.Rf3 Nf6 27.e5 g6 28.Rxg3 Rh6 29.Bd2 Nh5 30.Rf3 Ng7
31.Rd1 Ne6 32.Bb3 Bb6 33.Qc4 Rd5 34.Qe2 Rd8 35.Qc4 Rd5 36.Qe2

[Event "9th EUROPEAN  INDIVIDUAL  WOME"]
[Site "Plovdiv, Bulgaria"]
[Date "2008.04.30"]
[Round "9"]
[Board "1"]
[White "Gvetadze, Sopio"]
[Black "Kovalevskaya, Ekaterina"]
[Result "0-1"]
[WhiteElo "2350"]
[BlackElo "2421"]
[PlyCount "72"]
[EventDate "2008.04.21"]
[EventRounds "11"]
[EventCountry "BUL"]

1.e4 c5 2.Nf3 Nc6 3.b3 e6 4.Bb2 d5 5.Bb5 dxe4 6.Ne5 Qc7 7.Bxc6+ bxc6 8.Nc4 Nf6
9.Nc3 Ba6 10.Qe2 Qf4 11.O-O-O Rd8 12.Rhe1 Rd4 13.Nd6+ Qxd6 14.Qxa6 Be7 15.g4 O-O
16.h3 Rd8 17.Qe2 h6 18.Rg1 Qh2 19.g5 hxg5 20.Rxg5 g6 21.Na4 R4d5 22.Rg3 Rf5
23.Bxf6 Bxf6 24.Qxe4 Rxf2 25.Rd3 Rxd3 26.Qxd3 Qg2 27.Nxc5 Rf3 28.Qd7 Rf1 29.Qe8+
Kg7 30.Nxe6+ fxe6 31.c3 Rxd1+ 32.Kxd1 Qd5 33.Kc2 Bg5 34.d4 Qg2+ 35.Kd3 Qf1+
36.Kc2 Qe2+

[Event "9th EUROPEAN  INDIVIDUAL  WOME"]
[Site "Plovdiv, Bulgaria"]
[Date "2008.04.30"]
[Round "9"]
[Board "1"]
[White "Socko, Monika"]
[Black "Batsiashvili, Nino"]
[Result "1-0"]
[WhiteElo "2505"]
[BlackElo "2304"]
[PlyCount "161"]
[EventDate "2008.04.21"]
[EventRounds "11"]
[EventCountry "BUL"]

1.d4 d5 2.c4 e6 3.Nf3 Nf6 4.Bg5 Be7 5.Nc3 h6 6.Bh4 O-O 7.e3 Ne4 8.Bxe7 Qxe7
9.Qc2 Nxc3 10.Qxc3 dxc4 11.Bxc4 b6 12.O-O Bb7 13.Be2 Rc8 14.Rac1 Nd7 15.Rfd1 c5
16.Qa3 Qf6 17.h3 cxd4 18.Nxd4 Rxc1 19.Rxc1 Qg5 20.Nf3 Qd5 21.Qe7 Ne5 22.Rc7 Rb8
23.Qb4 Ng6 24.Qa4 a5 25.Qc2 Rd8 26.a3 Rd7 27.Rc4 Qf5 28.Qxf5 exf5 29.Nd4 Ba6
30.Rc2 Bxe2 31.Nxe2 Ne5 32.Kh2 g6 33.Kg3 Kf8 34.Nd4 Nd3 35.Rd2 Nc5 36.f3 Rd6
37.Rc2 Nd3 38.f4 a4 39.Rd2 Nc5 40.Kf3 Ke7 41.Ke2 h5 42.Rc2 Rd7 43.Rc4 Kd6 44.Nf3
Rc7 45.Rb4 Rb7 46.Rd4+ Ke6 47.Ne5 b5 48.Rd2 b4 49.Nc6 bxa3 50.Nd8+ Ke7 51.Nxb7
a2 52.Rd1 Nb3 53.Kd3 a1=Q 54.Rxa1 Nxa1 55.Nc5 Kd6 56.Nxa4 Nb3 57.Kc2 Na5 58.b4
Nc4 59.Kd3 Na3 60.Kc3 Nb1+ 61.Kc2 Na3+ 62.Kb3 Nb1 63.Nb6 Nd2+ 64.Kc3 Ne4+ 65.Kc4
Kc6 66.Na4 Nd2+ 67.Kd3 Nf1 68.Nc3 h4 69.Kd4 Nd2 70.e4 fxe4 71.Nxe4 Nb3+ 72.Ke5
Nc1 73.Ng5 f5 74.Kf6 Nd3 75.Ne6 Nxb4 76.Kxg6 Nd3 77.Kxf5 Ne1 78.Ke4 Nxg2 79.Nd4+
Kd7 80.Nc2 Ke6 81.Kf3

[Event "9th EUROPEAN  INDIVIDUAL  WOME"]
[Site "Plovdiv, Bulgaria"]
[Date "2008.04.30"]
[Round "9"]
[Board "1"]
[White "Zimina, Olga"]
[Black "Hoang, Thanh Trang"]
[Result "1-0"]
[WhiteElo "2363"]
[BlackElo "2477"]
[PlyCount "67"]
[EventDate "2008.04.21"]
[EventRounds "11"]
[EventCountry "BUL"]

1.e4 b6 2.d4 Bb7 3.Bd3 Nf6 4.Qe2 e6 5.Nf3 d5 6.e5 Nfd7 7.Bg5 Qc8 8.O-O h6 9.Bh4
c5 10.c4 cxd4 11.Nxd4 g5 12.cxd5 Bxd5 13.Nc3 Nc6 14.Nxc6 Bxc6 15.Bg3 Nc5 16.Bb5
a6 17.Bxc6+ Qxc6 18.Rac1 a5 19.Nb5 Be7 20.Nd6+ Bxd6 21.exd6 O-O 22.Qh5 Kg7 23.f4
Qd5 24.Rcd1 Qf5 25.fxg5 Qxg5 26.Qf3 Rad8 27.Rd4 f5 28.Bh4 Qg6 29.Bxd8 Rxd8
30.Qc6 Qf6 31.Rg4+ Kh8 32.Qxb6 Rc8 33.Rc4 Qe5 34.d7

[Event "9th EUROPEAN  INDIVIDUAL  WOME"]
[Site "Plovdiv, Bulgaria"]
[Date "2008.04.30"]
[Round "9"]
[Board "1"]
[White "Molchanova, Tatjana"]
[Black "Paehtz, Elisabeth"]
[Result "1/2-1/2"]
[WhiteElo "2359"]
[BlackElo "2449"]
[PlyCount "100"]
[EventDate "2008.04.21"]
[EventRounds "11"]
[EventCountry "BUL"]

1.d4 Nf6 2.Nf3 e6 3.g3 c5 4.Bg2 Nc6 5.O-O d5 6.c4 cxd4 7.Nxd4 Bc5 8.Nb3 Bb6
9.cxd5 Nxd5 10.e4 Ndb4 11.Bd2 O-O 12.Nc3 a5 13.a3 Nd3 14.Rb1 Nce5 15.Qe2 Nc4
16.Na4 Ba7 17.Bc3 Nde5 18.Nxa5 Nxa5 19.Bxe5 Nc6 20.Bc3 e5 21.Qb5 Bd4 22.Nc5 Bxc3
23.bxc3 Rxa3 24.Qb2 Qa5 25.Nb3 Qa7 26.Ra1 Rxa1 27.Qxa1 Qb6 28.Rb1 Qc7 29.Nc5 Rd8
30.Rd1 Rxd1+ 31.Qxd1 Qa5 32.Na4 g6 33.h4 b5 34.Nc5 Qc7 35.Qd3 b4 36.cxb4 Nxb4
37.Qb5 Nc6 38.Nd3 Bg4 39.Qc5 Bd7 40.Nb4 Qa5 41.Qxa5 Nxa5 42.f3 f6 43.Bf1 Be6
44.Kf2 Kf7 45.Bb5 Nb3 46.Bc6 Nd4 47.Bd5 f5 48.Ke3 Bxd5 49.Nxd5 Ke6 50.Nb4 Kd6

[Event "9th EUROPEAN  INDIVIDUAL  WOME"]
[Site "Plovdiv, Bulgaria"]
[Date "2008.04.30"]
[Round "9"]
[Board "1"]
[White "Matveeva, Svetlana"]
[Black "Jackova, Jana"]
[Result "1/2-1/2"]
[WhiteElo "2420"]
[BlackElo "2345"]
[PlyCount "140"]
[EventDate "2008.04.21"]
[EventRounds "11"]
[EventCountry "BUL"]

1.d4 Nf6 2.c4 e6 3.Nc3 Bb4 4.Qc2 O-O 5.a3 Bxc3+ 6.Qxc3 b6 7.Bg5 Bb7 8.e3 c5
9.dxc5 bxc5 10.Nf3 h6 11.Bxf6 Qxf6 12.Qxf6 gxf6 13.Nd2 Rd8 14.Nb3 Na6 15.Na5
Rab8 16.Bd3 Ba8 17.O-O-O Kf8 18.f3 Rb6 19.Kc2 Nb8 20.Kc3 Rc8 21.Rb1 Ra6 22.b4 d5
23.Rhc1 cxb4+ 24.axb4 dxc4 25.Bxc4 Bd5 26.Kb3 Bxc4+ 27.Rxc4 Rxc4 28.Nxc4 Rc6
29.b5 Rc7 30.Kb4 Ke7 31.Rd1 Rb7 32.Ra1 Rc7 33.Ra2 Rd7 34.Na5 Rc7 35.Nb3 Rb7
36.Nc5 Rc7 37.Rd2 Rc8 38.g4 Rc7 39.f4 Rc8 40.h3 Rc7 41.Rd4 Rc8 42.f5 Rc7 43.Re4
Nd7 44.Nb3 Nb6 45.fxe6 fxe6 46.Nd4 e5 47.Nc6+ Kd6 48.Ka5 Kc5 49.Ka6 Nd5 50.Nxa7
Nc3 51.b6 Rd7 52.b7 Rxb7 53.Rxe5+ fxe5 54.Kxb7 Nd5 55.e4 Nc3 56.Nc6 Kd6 57.Nd8
Ke7 58.Nc6+ Kf6 59.h4 Nxe4 60.g5+ Nxg5 61.hxg5+ hxg5 62.Nb4 g4 63.Nc2 g3 64.Ne1
Kf5 65.Kc6 Ke4 66.Kd6 Kd4 67.Nf3+ Ke3 68.Nh4 Kf4 69.Kd5 e4 70.Kd4 Kg4

[Event "9th EUROPEAN  INDIVIDUAL  WOME"]
[Site "Plovdiv, Bulgaria"]
[Date "2008.04.30"]
[Round "9"]
[Board "1"]
[White "Mkrtchian, Lilit"]
[Black "Milliet, Sophie"]
[Result "1-0"]
[WhiteElo "2413"]
[BlackElo "2354"]
[PlyCount "77"]
[EventDate "2008.04.21"]
[EventRounds "11"]
[EventCountry "BUL"]

1.e4 c5 2.Nf3 e6 3.d4 cxd4 4.Nxd4 Nc6 5.Nc3 Qc7 6.Be3 a6 7.Qd2 Nf6 8.O-O-O Be7
9.f3 O-O 10.g4 b5 11.Kb1 Bb7 12.g5 Ne8 13.h4 Nxd4 14.Qxd4 b4 15.Na4 Rc8 16.Rd2
Qa5 {Diagram #} 17.b3 Nd6 18.h5 e5 19.Qb2 Nb5 20.Bxb5 Qxb5 21.h6 g6 22.Nb6 Rc3
23.a4 Qa5 24.Rxd7 Bxg5 {Diagram #} 25.Nc4 Rxc4 26.Bxg5 Bc6 27.Bd8 Qc5 28.Be7
Bxd7 29.Bxc5 Rxc5 30.Rd1 Bh3 31.Qc1 f6 32.Rd6 Rc3 33.Qd2 Rf7 34.Qd5 Rcc7 35.Rxf6
Bg2 36.a5 Bf1 37.Rxf7 Rxf7 38.Qxe5 Be2 39.f4

[Event "9th EUROPEAN  INDIVIDUAL  WOME"]
[Site "Plovdiv, Bulgaria"]
[Date "2008.04.30"]
[Round "9"]
[Board "1"]
[White "Benderac, Ana"]
[Black "Tairova, Elena"]
[Result "1/2-1/2"]
[WhiteElo "2334"]
[BlackElo "2412"]
[PlyCount "118"]
[EventDate "2008.04.21"]
[EventRounds "11"]
[EventCountry "BUL"]

1.d4 d5 2.Bg5 c6 3.c3 Bf5 4.Nf3 h6 5.Bh4 Qb6 6.Qb3 Nd7 7.Nbd2 Ngf6 8.e3 e6 9.Be2
Bd6 10.Bg3 Be7 11.O-O O-O 12.Ne5 Nxe5 13.Bxe5 Nd7 14.Bg3 a5 15.f3 a4 16.Qxb6
Nxb6 17.Bc7 Nd7 18.g4 Bg6 19.Bg3 Rfc8 20.Rac1 c5 21.f4 f5 22.h3 Nf6 23.Bh4 Bd6
24.Bxf6 gxf6 25.Bd3 c4 26.gxf5 exf5 27.Bc2 a3 28.b4 cxb3 29.Bxb3 Bf7 30.Kf2 Rc7
31.Rg1+ Kf8 32.Nb1 b5 33.Ke2 Ke7 34.Kd3 Rac8 35.Rg2 Ke6 36.Bd1 Be8 37.Bb3 Bh5
38.Rg3 Bf8 39.Nd2 Bb4 40.Nb1 Bf8 41.Nd2 Bd6 42.Nb1 Bb4 43.Kd2 Ba5 44.e4 fxe4
45.Nxa3 b4 46.Nb5 bxc3+ 47.Ke3 Rd7 48.Na3 Kf5 49.Ba4 Rdd8 50.Rg7 Rc7 51.Rgg1
Rcc8 52.Rg7 Bc7 53.Rf1 Bf3 {Diagram #} 54.Rxf3 exf3 55.Bc2+ Ke6 56.Nb5 f5
57.Nxc7+ Kf6 58.Rh7 Kg6 59.Re7 Kf6

[Event "9th EUROPEAN  INDIVIDUAL  WOME"]
[Site "Plovdiv, Bulgaria"]
[Date "2008.04.30"]
[Round "9"]
[Board "1"]
[White "Rajlich, Iweta"]
[Black "Romanko, Marina"]
[Result "1/2-1/2"]
[WhiteElo "2411"]
[BlackElo "2325"]
[PlyCount "107"]
[EventDate "2008.04.21"]
[EventRounds "11"]
[EventCountry "BUL"]

1.d4 d5 2.c4 c6 3.Nf3 Nf6 4.e3 e6 5.Bd3 Nbd7 6.O-O Bd6 7.Nc3 O-O 8.e4 e5 9.exd5
cxd5 10.cxd5 exd4 11.Ne4 Nxe4 12.Bxe4 Nf6 13.Bg5 Be7 14.Bxf6 Bxf6 15.Qd3 g6
16.Nxd4 Qb6 17.Rfd1 Qxb2 18.Rab1 Qxd4 19.Qxd4 Bxd4 20.Rxd4 Rd8 21.Rc4 Rb8 22.Rc7
Kf8 23.h3 Rd7 24.Rbc1 Rxc7 25.Rxc7 a5 26.d6 Be6 27.Bxb7 Bxa2 28.d7 Rd8 29.Bc6
Be6 30.Ra7 Ke7 31.Rxa5 Bxd7 32.Ra7 Kd6 33.Bf3 h5 34.h4 Be6 35.Kh2 Ke5 36.Ra5+
Kf6 37.Be4 Rd4 38.f3 Rb4 39.Kg3 Rb2 40.Rc5 Ra2 41.Bc2 Ra3 42.Kf4 Ra8 43.g4 hxg4
44.fxg4 Rc8 45.g5+ Kg7 46.Rxc8 Bxc8 47.Ke5 Ba6 48.Bb3 Bd3 49.Kd6 f6 50.Bd5 fxg5
51.hxg5 Bc2 52.Ke5 Bd3 53.Be4 Bc4 54.Bxg6